21 Lesson for the 21st Century (Record no. 11254)

MARC details
000 -LEADER
fixed length control field 00349nam a22001457a 4500
003 - CONTROL NUMBER IDENTIFIER
control field OSt
008 - FIXED-LENGTH DATA ELEMENTS--GENERAL INFORMATION
fixed length control field 220521b ||||| |||| 00| 0 eng d
020 ## - INTERNATIONAL STANDARD BOOK NUMBER
International Standard Book Number 978-1-784-70823-3
082 ## - DEWEY DECIMAL CLASSIFICATION NUMBER
Classification number 909.83 HAT
100 ## - MAIN ENTRY--PERSONAL NAME
Personal name HARARI,Yuval Noah
245 ## - TITLE STATEMENT
Title 21 Lesson for the 21st Century
260 ## - PUBLICATION, DISTRIBUTION, ETC. (IMPRINT)
Place of publication, distribution, etc London
Name of publisher, distributor, etc Vintage
Date of publication, distribution, etc 2018
300 ## - PHYSICAL DESCRIPTION
Extent 417
942 ## - ADDED ENTRY ELEMENTS (KOHA)
Source of classification or shelving scheme Dewey Decimal Classification
Koha item type Text Books
Holdings
Withdrawn status Lost status Source of classification or shelving scheme Damaged status Not for loan Collection code Home library Current library Date acquired Source of acquisition Currency Cost, normal purchase price Bill Number Total Checkouts Full call number Acc. no. / Barcode Date last seen Date last borrowed Actual Cost, discounted price Bill Date Koha item type Public note
    Dewey Decimal Classification     GENERAL PIET C-LIBRARY PIET C-LIBRARY 07/05/2022 Kumar Stationery & Book Seller Indian Rup 499.00 35241 3 909.83 HAL 33615 22/05/2023 16/05/2023 350.00 07/05/2022 Text Books Stories

Design & Developed by: PIET Central Library
R70 Miles Stone Pattikalyana Samalkha Panipat 132102
mail ID :- [email protected], Phone No:- 0180-2569700 Ex.216